| 000 | 00507 a2200181 4500 | ||
|---|---|---|---|
| 003 | Nust | ||
| 005 | 20210101144826.0 | ||
| 038 | _aAttaullah | ||
| 040 | _cNust | ||
| 082 | _a005.8 | ||
| 100 |
_aAiajz, Lubna (MSIS-11) _935554 |
||
| 245 |
_aAutomation of Incident Acquisition, Analysis and Reporting in Academic Environment / _cLubina Aijaz |
||
| 260 |
_aRawalpindi _bMCS,NUST _cNovember 2015 |
||
| 300 | _axii, 119 p | ||
| 650 |
_aPG Thesis MSIS _935555 |
||
| 651 |
_aMSIS-11 _935556 |
||
| 942 |
_cTHE _2ddc |
||
| 999 |
_c218016 _d218016 |
||